|
|
|
|
| LEADER |
00000nam a2200000 4500 |
| 001 |
vtls012078511 |
| 003 |
SK-MaSNL |
| 005 |
20260426000951.0 |
| 008 |
211124s2021 xxkdl frn 001 0deng |
| 015 |
|
|
|a SNBZSA2023/12
|
| 020 |
|
|
|a 9780367344771
|q (viazané)
|
| 020 |
|
|
|a 9780429326073
|q (ebk)
|
| 040 |
|
|
|a SNK
|b slo
|c SNK
|e rda
|
| 041 |
0 |
|
|a eng
|
| 043 |
|
|
|a ee-----
|
| 044 |
|
|
|a xxk
|c GB
|a xxu
|c US
|
| 072 |
|
7 |
|a 323
|x Vnútropolitický vývoj, politický život
|2 konspekt
|
| 080 |
|
|
|a 323.21
|2 2011
|
| 080 |
|
|
|a 323.26/.27+327.88
|2 2011
|
| 080 |
|
|
|a 316.323.7:316.42
|2 2011
|
| 080 |
|
|
|a 329.8-021.121
|2 2011
|
| 080 |
|
|
|a 304
|2 2011
|
| 080 |
|
|
|a (048.8:082)
|2 2011
|
| 080 |
|
|
|a (4‑11)
|2 2011
|
| 245 |
0 |
0 |
|a Conspiracy theories in Eastern Europe
|b tropes and trends
|c edited by Anastasiya Astapova, Onoriu Colăcel, Corneliu Pintilescu, and Tamás Scheibner
|
| 250 |
|
|
|a First published by Routledge
|
| 264 |
|
1 |
|a London
|a New York
|b Routledge Taylor & Francis Group
|c 2021
|
| 300 |
|
|
|a xvi, 294 strán
|b grafy, tabuľky
|c 25 cm
|
| 336 |
|
|
|a text
|b txt
|2 rdacontent
|
| 337 |
|
|
|a bez média
|b n
|2 rdamedia
|
| 338 |
|
|
|a zväzok
|b nc
|2 rdacarrier
|
| 490 |
1 |
|
|a Conspiracy theories
|
| 500 |
|
|
|a Poznámky na konci jednotlivých kapitol. Skratky. Zoznam obrázkov. Zoznam tabuliek. Zoznam prispievateľov a ich profesijné pôsobenie
|
| 504 |
|
|
|a Bibliografia za jednotlivými kapitolami. Register
|
| 650 |
0 |
7 |
|a politická kultúra
|2 SNKPH
|9 4737
|
| 650 |
0 |
7 |
|a Political culture
|2 SNKPHeng
|9 287887
|
| 650 |
0 |
7 |
|a konšpiračné teórie
|2 SNKPH
|9 100906
|
| 650 |
0 |
7 |
|a Conspiracy theories
|2 SNKPHeng
|9 313601
|
| 650 |
0 |
7 |
|a postkomunizmus
|2 SNKPH
|9 4487
|
| 650 |
0 |
7 |
|a Post-communism
|2 SNKPHeng
|9 302788
|
| 650 |
0 |
7 |
|a populizmus
|2 SNKPH
|9 4849
|
| 650 |
0 |
7 |
|a Populism
|2 SNKPHeng
|9 311368
|
| 650 |
0 |
7 |
|a sociálne aspekty
|2 SNKPH
|9 3878
|
| 650 |
0 |
7 |
|a Social aspects
|2 SNKPHeng
|9 302611
|
| 651 |
|
7 |
|a Európa východná
|2 SNKPHgeo
|9 167635
|
| 651 |
|
7 |
|a Europe, Eastern
|2 SNKPHeng
|9 229905
|
| 655 |
|
7 |
|a kolektívne monografie
|2 SNKPH
|9 249850
|
| 655 |
|
7 |
|a Collective monographs
|2 SNKPHeng
|9 125747
|
| 700 |
1 |
|
|a Astapova, Anastasiya,
|d 1986-
|4 edt
|4 aut
|9 567703
|
| 700 |
1 |
|
|a Colăcel, Onoriu,
|d 1978-
|4 edt
|4 aut
|9 567704
|
| 700 |
1 |
|
|a Pintilescu, Corneliu
|4 edt
|4 aut
|9 567705
|
| 700 |
1 |
|
|a Scheibner, Tamás,
|d 1980-
|4 edt
|4 aut
|9 567706
|
| 830 |
|
0 |
|a Conspiracy theories
|9 567707
|
| 852 |
|
|
|a Slovenská národná knižnica
|
| 919 |
|
|
|a 978-0-367-34477-1
|
| 919 |
|
|
|a 978-0-429-32607-3
|
| 954 |
|
|
|a odborná, vedecká literatúra cudzojazyčná (svetová)
|2 lita
|
| 954 |
|
|
|a odborná, vedecká literatúra pôvodná (slovenská)
|2 lita
|
| 958 |
|
|
|a ZS
|
| 958 |
|
|
|a NB
|
| 999 |
|
|
|c 870525
|d 872455
|
| 952 |
|
|
|a SNK
|b SNK
|y PREZ
|7 0
|p 17A1469538
|o snkSC 195612
|i snk2021/18996
|8 3
|g 174.68
|0 0
|1 0
|4 0
|d 2021-11-24
|l 0
|r 2025-10-15 00:00:00
|w 2026-02-24
|